000 00635nam a2200217Ia 4500
005 20250923145138.0
008 008 250917s9999 xx 000 0 eng d
037 _aTextual
040 _aDSWL
_beng
_cDSWL
041 _aeng
_2eng
084 _aW,64oaX:75.2, N69
_qDSWL
100 _aMathur, M.V.
_9832223
245 0 _aPanchayati Raj, Planning and Democracy
_cby M.V. Mathur
260 _aBombay
_bAsia Publiing House
_c1969
300 _axi,509p.
365 _aINR
_b40.00
700 _aIqbal Narain
_9832224
925 _g40.00
942 _cTEXL
_hW,64oaX:75.2, N69
999 _c1447717
_d1447717